Géographie américaine pour les nuls. - Statistiques

Statistiques générales
  • Ce quiz a été pris 27 530 fois
    26 408 depuis la dernière actualisation
  • Le résultat moyen est 11 sur 20
Statistiques - réponses
Question Réponse % Correct
Quels sont les deux pays qui bordent les États-Unis? Canada
100%
Quels sont les deux pays qui bordent les États-Unis? Mexique
99%
Quelle statue de cuivre de 46 mètres de haut peut-on trouver sur une île du port de New York? Statue de la Liberté
90%
Quel état est désigné par l'abréviation postale FL? Floride
83%
Tout est plus grand au Texas. Mais un État fait plus du double de sa taille. Duquel s'agit-il? Alaska
75%
Nommez l'un des cinq quartiers de New York. Brooklyn | Bronx | Manhattan | Queens | Staten Island
67%
Quelle est la grande ville la plus au sud des États-Unis continentaux? Miami
63%
"Saint Lewis" est mal épelé. Quel est la bonne épellation? Saint Louis
59%
Sur quelle montagne est gravée le visage de quatre Présidents américains? Mont Rushmore
51%
Quelle ville, capitale de l'Utah, porte un nom se rapportant au Grand Lac Salé, sur lequel elle se situe? Salt Lake City
50%
Quelle ville géorgienne accueille l'aéroport international le plus fréquenté du monde? Atlanta
48%
Quel territoire caribéen est parfois surnommé "51ème état des Etats-Unis"? Porto Rico
48%
Dans l'agglomération de quelle grande ville de Nouvelle-Angleterre se trouve l'université Harvard? Boston
46%
Cinq États ont une direction cardinale en leur nom: Caroline du Sud, Dakota du Sud, Caroline du Nord, Dakota du Nord et ... Virginie Occidentale
41%
Quelle grande ville se trouvant près de l'extrémité sud du fleuve Mississippi a un nom se rapportant à la préfecture du Loiret? La Nouvelle-Orleans
40%
Dans quelle ville se trouve la Willis Tower, anciennement connue sous le nom de Sears Tower, et qui a été le plus haut bâtiment du monde durant plus de 20 ans? Chicago
38%
Quel est le plus petit état par superficie? Rhode Island
38%
Sur la route de quelle ville du Tennessee Eddy Mitchell dit-il se trouver dans une chanson de 1976? Memphis
37%
Quelle chaîne de montagnes traverse le Colorado, le Wyoming et le Montana? Montagnes Rocheuses
34%
Quelle grande ville du Colorado est célèbre pour être située à un mile au-dessus du niveau de la mer? Denver
33%
Aucun quiz correspondant
Distribution des résultats
% des personnes avec chaque résultat
Percentile par nombre de réponses
Votre historique - résultats
Vous n’avez pas pris ce quiz depuis la dernière actualisation